| 000 | 00341 a2200121 4500 | ||
|---|---|---|---|
| 090 |
_c6537 _d6537 |
||
| 100 | _aIBM | ||
| 245 |
_aBuilding the IBM lotus domino 7 infrastructure _cIBM |
||
| 260 |
_aUSA : _bInternational Business Machines Corporation, _c2006. |
||
| 300 |
_a334 p. : _bill. ; _c27 cm. |
||
| 500 | _aIBM Manual | ||
| 942 |
_cBK _k004.6 IBM |
||
| 999 |
_c10368 _d10368 |
||